000 00424nam a2200133Ia 4500
008 100328s9999 xx 000 0 und d
082 _b68282
100 _aगाडगीळ बाळ.
245 _aअमेरिकन संस्कृती.
260 _bमेघना.
630 _aअमेरिकन संस्कृती.
730 _aअमेरिकन संस्कृती.
942 _cBOOK
999 _c554021
_d554018